|
|
|
|
| LEADER |
00000nam a2200000 a 4500 |
| 001 |
vtls001085124 |
| 003 |
SK-MaSNL |
| 005 |
20260301062330.0 |
| 008 |
240313s1986 xo 0 slo |
| 015 |
|
|
|a SNBA1987/08
|
| 020 |
|
|
|c 9,50 Kčs. (600 výtl.)
|
| 035 |
|
|
|a SNK000027963
|
| 040 |
|
|
|a SNK
|b slo
|c SNK
|e AACR2
|
| 041 |
0 |
|
|a slo
|
| 044 |
|
|
|a xo
|c SK
|
| 080 |
|
|
|a 621.8+621.313/.314(075.8)(076.5)
|2 1981
|
| 080 |
|
|
|a 621.313/.314(075.8)(076.5)
|2 1981
|
| 100 |
1 |
|
|a Zeman, Stanislav,
|d 1948-
|4 aut
|9 230857
|
| 245 |
1 |
|
|a Návody na cvičenia z mechanizácie a automatizácie živočíšnej výroby 1
|c Stanislav Zeman
|
| 250 |
|
|
|a 1. vyd.
|
| 260 |
|
|
|a Bratislava
|b Príroda
|a S.l.
|b VŠP v Nitre [vyd.]
|c 1986
|e Nitra
|f Nitrianske tlačiarne
|
| 300 |
|
|
|a 159 s., 10,75 AH
|b Tb. Sch.
|c 29 cm
|
| 500 |
|
|
|a Lit. 12. Schválil rektor VŠP v Nitre ako skriptá. 12 zázn. v slov. a češ.
|
| 650 |
0 |
7 |
|a živočíšna výroba
|2 snkbucl
|9 2836
|
| 655 |
|
7 |
|a učebnice vysokých škôl
|2 snkbucl
|9 70191
|
| 852 |
|
|
|a Slovenská národná knižnica
|
| 958 |
|
|
|a OND
|
| 958 |
|
|
|a NB
|
| 958 |
|
|
|a TL
|
| 958 |
|
|
|a UV
|
| 999 |
|
|
|c 620248
|d 622178
|
| 952 |
|
|
|a SNK
|b SNK
|y PREZ
|7 0
|p 17A0823739
|o snkSB 41809/1
|0 0
|1 0
|4 0
|d 2012-05-15
|f 1
|l 0
|r 2025-04-30 00:00:00
|w 2026-02-23
|
| 952 |
|
|
|t P60, <04>, [BOOK], {604}
|a SNK
|b SNK
|y VYP
|7 0
|p 17A0202219
|o snkSB 41809/1 D1
|0 0
|1 0
|4 0
|d 1999-07-21
|l 0
|r 2004-12-31 00:00:00
|w 2026-02-23
|